000 00377nam a22001217a 4500
999 _c992
_d992
005 20200820144603.0
008 200820b ||||| |||| 00| 0 eng d
020 _a9780521613019
040 _cCML
245 _aGuidelines, A Cross-Cultural Reading/Writing Tex.
_cSpack, R.
260 _aUK
_bCambridge University
_c2007
942 _2ddc
_cBK
_eThird Edition
_h411
_mSPA